| 000 | 00607nam a2200193Ia 4500 | ||
|---|---|---|---|
| 999 |
_c46525 _d46525 |
||
| 001 | 13364 | ||
| 003 | GE_BSU | ||
| 005 | 20240905120752.0 | ||
| 008 | 181216s2014||||ru |||||||||||||| ||rus|| | ||
| 020 | _a9785906016140 | ||
| 040 | _cGE_BSU | ||
| 080 | _a28 Н-31 | ||
| 100 |
_aНаср Сеййид Хусейн _923166 |
||
| 245 |
_aФилософы Ислама : _bАвицена(Ибн Сина), Ас-Сухраварди,Ибн-Араби / |
||
| 264 |
_aМосква : _bООО Садра, _c2014. |
||
| 300 |
_a149 стр. ; _c22 см. |
||
| 653 | _aФилософы Ислама | ||
| 942 |
_cBK _2udc |
||